skbl

Dr Suryya Kumar Bhuyan Library Web-OPAC
ডঃ সূৰ্য্য
কুমাৰ ভূঞা পুথিভঁৰাল ৱেব-অ'পেক

All Research Scholars are advised to clear the annual library fees to continue using Library Resources, Remote Access, Plagiarism Test and Library Clearance.

Cotton University Book Fair 2026

Preface to Philosophy: Book of Readings / (Record no. 26275)

MARC details
000 -LEADER
fixed length control field 00761nam a2200265Ia 4500
001 - CONTROL NUMBER
control field 26293
005 - DATE AND TIME OF LATEST TRANSACTION
control field 20240114000918.0
007 - PHYSICAL DESCRIPTION FIXED FIELD--GENERAL INFORMATION
fixed length control field ta
008 - FIXED-LENGTH DATA ELEMENTS--GENERAL INFORMATION
fixed length control field 060505s1946 a g b000 u 465 u
040 ## - CATALOGING SOURCE
Original cataloging agency Cotton College Assam
041 ## - LANGUAGE CODE
Language code of text/sound track or separate title 465
082 ## - DEWEY DECIMAL CLASSIFICATION NUMBER
Classification number 100
Item number H 766 P
100 ## - MAIN ENTRY--PERSONAL NAME
Personal name Hoople, Ross Earle .
245 #0 - TITLE STATEMENT
Title Preface to Philosophy: Book of Readings /
Statement of responsibility, etc. Ross Earle Hoople, R.F.Piper & William Pearson Tolley.
Medium Textual Documents
250 ## - EDITION STATEMENT
Edition statement 1st ed. /
260 ## - PUBLICATION, DISTRIBUTION, ETC.
Place of publication, distribution, etc. New York :
Name of publisher, distributor, etc. The Macmillan Company ,
Date of publication, distribution, etc. C1946.
300 ## - PHYSICAL DESCRIPTION
Extent 513p. :
Other physical details ill ;
Dimensions 22cm .
653 ## - INDEX TERM--UNCONTROLLED
Uncontrolled term Philosophy
653 ## - INDEX TERM--UNCONTROLLED
Uncontrolled term G-Philosophy
700 ## - ADDED ENTRY--PERSONAL NAME
Personal name Piper, R.F .
700 ## - ADDED ENTRY--PERSONAL NAME
Personal name Tolley, William Pearson .
942 ## - ADDED ENTRY ELEMENTS (KOHA)
Source of classification or shelving scheme Dewey Decimal Classification
Koha item type Books
Holdings
Withdrawn status Lost status Damaged status Not for loan Collection Home library Current library Date acquired Coded location qualifier Total checkouts Full call number Barcode Date last seen Copy number Price effective from Koha item type
          Dr. Suryya Kumar Bhuyan Library Dr. Suryya Kumar Bhuyan Library 01/02/2012 00000   100 H 766 P 45827 14/01/2024 1 01/02/2012 Books

Designed and Maintained by Team SKBL
©1901-2026

Powered by Koha